Montreal Metro and REM Stations - Statistics

General Stats
  • This quiz has been taken 236 times
  • The average score is 48 of 104
Answer Stats
Line Stations % Correct
Green | REM McGill
81%
Green | Orange | Yellow Berri-UQAM
78%
Green Peel
69%
Orange Mont-Royal
68%
Orange Sherbrooke
68%
Orange Jean-Talon
67%
Blue Jean Talon
67%
Orange Bonaventure
65%
Green Place-des-Arts
65%
Green Atwater
64%
Green Guy-Concordia
64%
Yellow Jean-Drapeau
64%
Green Pie-IX
64%
Green Saint-Laurent
63%
Blue | Orange Snowdon
63%
Green | Orange Lionel-Groulx
62%
Orange Montmorency
62%
Orange Côte-Vertu
61%
Blue Université-de-Montréal
61%
Green Honoré-Beaugrand
60%
Blue Saint-Michel
59%
Orange Champ-de-Mars
58%
Orange Place-d'Armes
58%
Green Verdun
58%
Blue Côte-des-Neiges
56%
Orange Lucien L'Allier
56%
REM Brossard
55%
Orange Laurier
55%
Orange Rosemont
55%
Orange Villa-Maria
55%
Blue | REM Édouard-Montpetit
54%
Orange Henri-Bourassa
54%
Orange Beaubien
53%
Blue Outremont
53%
Green Papineau
53%
Green De L'Église
52%
Orange Côte-Ste-Catherine
51%
Orange Crémazie
51%
Green Monk
51%
Green Viau
51%
Green Beaudry
50%
Orange Cartier
50%
Orange Jarry
50%
Green LaSalle
50%
Yellow Longueuil-Université-de-Sherbrooke
50%
Orange Square Victoria-OACI
50%
Orange De la Concorde
49%
Orange Sauvé
48%
Orange Vendôme
48%
Green Cadillac
47%
Orange De la Savane
47%
Green Joliette
47%
Orange Namur
47%
Orange Place Saint-Henri
47%
Orange Plamondon
47%
Blue Acadie
46%
Orange Du Collège
46%
Green Frontenac
46%
Orange Georges-Vanier
46%
Green Jolicoeur
46%
Blue Fabre
45%
REM Panama
45%
Green Préfontaine
44%
Green Radisson
44%
Green Charlevoix
43%
Blue De Castelnau
43%
Blue D'Iberville
43%
Green Langelier
42%
REM Île-des-Soeurs
41%
Blue Du Parc
40%
Blue Anjou
35%
REM Deux-Montagnes
32%
REM Central Station
31%
REM Du Quartier
30%
Green L'Assomption
30%
REM Kirkland
29%
REM Canora
26%
REM Pierrefonds-Roxboro
26%
REM Bois-Franc
25%
REM Du Ruisseau
23%
REM Montpellier
23%
REM Anse-à-L'Orme
22%
REM Fairview-Pointe-Claire
22%
REM Griffintown-Bernard-Landry
22%
Blue Lacordaire
22%
REM Sunnybrooke
22%
REM Ville-de-Mont-Royal
22%
REM Sainte-Dorothée
21%
Green Angringon
20%
REM Côte-de-Liesse
20%
REM Île-Bigras
20%
REM Marie-Curie
20%
REM Des Sources
18%
REM YUL-Montréal-Trudeau Airport
18%
REM Grand-Moulin
14%
Blue Langelier Nord
7%
Blue Pie-IX Nord
7%
Blue Viau Nord
7%
No matching quizzes found
Score Distribution
Percent of People with Each Score
Percentile by Number Answered
Your Score History
You have not taken this quiz